Analyzátory na analýzu vôd od firmy Honeywell

Bibliographic Details
Format: Article
Language:Slovak
PhysicalDescription:Obr.
ISSN:1335-2237
Subjects:

MARC

LEADER 00000nab a2200000 a 4500
001 vtls000810028
003 SK-MaSNL
005 20260304131754.0
008 250429c2002 xo 0 slo
015 |a SNBRB2002/10-32359 
035 |a CLN000161683 
035 |a urn:nbn:sk:snk-abf72o 
035 |a urn:nbn:sk:snk:ar-0018js 
035 |a 9dc7d0af-12d8-4077-9b23-1c20774e0400 
040 |a SNKBUCL  |b slo  |c SNKBUCL  |e AACR2 
041 0 |a slo 
044 |a xo  |c SK 
080 |a 543.3:061.5  |2 1997 
080 |a 681.518  |2 1997 
245 0 0 |a Analyzátory na analýzu vôd od firmy Honeywell 
300 |b Obr. 
610 7 |a Honeywell  |x analyzátory vody  |2 snkbucl  |9 1445595 
650 0 7 |a voda  |x potenciál redukčno-oxidačný  |x vodivosť elektrolytická  |x kyslík  |x analyzátory  |2 snkbucl  |9 1445596 
650 0 7 |a analyzátory vody  |2 snkbucl  |9 1398749 
655 7 |a články z novín a časopisov  |2 snkbucl  |9 267496 
773 0 |t AT&P journal  |g Roč. 9, č. 4 (2002), s. 14-15  |x 1335-2237 
850 |a Slovenská národná knižnica 
852 |a Slovenská národná knižnica 
954 |a odborná, vedecká literatúra pôvodná (slovenská)  |2 lita 
958 |a article23 
958 |a OND 
958 |a EUIPO 
992 |a RBX 
999 |c 2897656  |d 2899586